Mi corazón al desnudo y otros papeles íntimos
Gorde:
| Egile nagusia: | |
|---|---|
| Formatua: | Liburua |
| Hizkuntza: | gaztelania |
| Argitaratua: |
Madrid
Visor
1983
|
| Saila: | Colección Visor de Poesía, 167
|
| Gaiak: | |
| Etiketak: |
Etiketa erantsi
Etiketarik gabe, Izan zaitez lehena erregistro honi etiketa jartzen!
|
MARC
| LEADER | 00000nam a2200000 a 4500 | ||
|---|---|---|---|
| 001 | UCO4899 | ||
| 003 | CL-VaPUC | ||
| 008 | 000825e19830000SP |||||||||||||||||spa|d | ||
| 082 | 0 | 4 | |a 841 |b BAU |2 21 |
| 100 | 0 | |a Baudelaire, Charles Pierre |e author |9 265454 | |
| 245 | 1 | 0 | |a Mi corazón al desnudo y otros papeles íntimos |
| 300 | |a 93 p | ||
| 942 | |c BK | ||
| 945 | |d 20000825 00:00:00 |a crobeson | ||
| 260 | |a Madrid |b Visor |c 1983 | ||
| 650 | 0 | |a Poesías francesas |9 265467 | |
| 650 | 0 | |a Literatura francesa |9 266330 | |
| 583 | |a last modification |c 20000825 00:00:00 |k Rodrigo Vera | ||
| 490 | 0 | |a Colección Visor de Poesía, 167 | |
| 999 | |c 290864 |d 290862 | ||
| 952 | |0 0 |1 0 |4 0 |6 841_000000000000000_BAU_1983 |7 0 |8 R |9 340474 |a BIBART |b BIBART |d 2019-11-20 |i 1216791 |l 2 |m 2 |o 841 BAU 1983 |p 1216791 |r 2025-03-13 |s 2022-12-02 |w 2019-11-20 |y BK_R |k ART | ||